000 00770nam a22002657i 4500
003 DO-SdBNP
005 20250509100053.0
007 ta
008 250509b2024 |||||||| |||| 00| 0 spa d
020 _a9789945100730
040 _aDO-SdBNP
_bspa
_cBNPHU
_erda
041 _hspa
082 _axxx
_bA174
_222
100 1 _aAcevedo, Andrés
_920084
245 0 3 _aEl barquito de mi niño :
_bpoemas /
_cAndrés Acevedo
250 _aPrimera edición
264 _aSantiago de los Caballeros, República Dominicana :
_bAmigos hogar,
_c2024.
300 _a58 páginas ;
_c22 cm
336 _ardacontent
_btexto
_2txt
337 _ardamedia
_bsin mediación
_2n
338 _ardacarrier
_bvolumen
_2nc
590 _aInventariado, 2025/DG
910 _aDG
942 _2ddc
_cLBS1
999 _c58749
_d58749